00187nam a22000737a 450000500170000000800410001704000080005824500470006620220308134106.0220308b ||||| |||| 00| 0 eng d crda aDokážeme zachrániť planétu Zem?